000 00297nam a22001337a 4500
020 _a818348015-2
082 _a510
_bGOY/I
100 _aGOYAL S.K
245 _aINTERACTIVE ALGEBRA
_bVOL 1
260 _aMEERUT
_bARIHANT PRAKASHAN
300 _a464
650 _aMATHS REFERENCE
_zINDIA
942 _cBK
999 _c1232
_d1232